|
|
|
|
| LEADER |
00000nab a2200000uu 4500 |
| 001 |
vtls010908506 |
| 003 |
SK-MaSNL |
| 005 |
20260225183047.0 |
| 008 |
230121|2006 xo |||||||||||||||||slo| |
| 015 |
|
|
|a SNBRB
|
| 035 |
|
|
|a (urnnbn)urn:nbn:sk:snk:ar-a07yre
|
| 035 |
|
|
|a (uuid)1e67203b-09be-4995-9317-e27f42e1b316
|
| 035 |
|
|
|a urn:nbn:sk:snk-ab8ydr
|
| 040 |
|
|
|a SNKBUCL
|b slo
|c SNKBUCL
|e AACR2
|
| 041 |
0 |
|
|a slo
|
| 044 |
|
|
|a xo
|c SK
|
| 245 |
0 |
0 |
|a SMERNICA RADY 94/33/ES Z 22. JÚNA 1994 O OCHRANE MLADÝCH ĽUDÍ PRI PRÁCI
|
| 773 |
0 |
|
|t Bezpečnosť práce : odborný časopis pre problematiku bezpečnosti a ochrany zdravia pri práci
|g Roč. 6, č. 1 (2006), s. 3-9
|
| 954 |
|
|
|a odborná, vedecká literatúra pôvodná (slovenská)
|2 lita
|
| 958 |
|
|
|a OND
|
| 958 |
|
|
|a EUIPO
|
| 958 |
|
|
|a article10
|
| 999 |
|
|
|c 1865574
|d 1867504
|